frutti - Statistics

Statistiche generali
  • Questo quiz è stato fatto 169 volte
  • Il punteggio medio è 20 su 49
Statistiche sulle risposte
Hint Risposta % Corretto
a arancia
95%
b banana
95%
m mela
90%
p pera
86%
a albicocca
84%
a anguria
82%
f fragola
82%
p pesca
82%
u uva
80%
c ciliegia
78%
k kiwi
77%
m mandarino
76%
a ananas
74%
l limone
73%
m melone
72%
l lampone
65%
m mirtillo
64%
m mora
54%
m mango
53%
n noce
49%
p pomodoro
48%
d dattero
47%
r ribes
44%
a avocado
42%
m melograno
40%
m mandorla
33%
f frutto della passione
30%
f fico d'india
19%
m mandarancio
19%
a arachide
17%
c clementina
17%
l litchi
17%
u uvetta
17%
f frutto del drago
16%
z zucchina
16%
c cedro
14%
d durian
11%
m melanzana
10%
z zenzero
10%
p peperone
9%
c cacomela
8%
n nocciolina
7%
p percocca
5%
u uva fragola
4%
p papaja
2%
p peperoncino
2%
a amerena
1%
c candito
0%
t tabacchiera
0%
Nessun quiz corrispondente trovato
Distribuzione punteggi
Percentuale di utenti per punteggio
Percentile per numero di risposta
I tuoi punteggi nel tempo
Non hai fatto questo quiz